000 00503nam a22001937a 4500
003 MPLRDC
005 20220104161508.0
008 210129b ||||| |||| 00| 0 eng d
020 _a957-598-361-0
082 _a225.4 SYFS v.2
100 _a圣严法师等
245 _a不一样的社会关怀
_c
250 _a初版
260 _a台湾
_b法鼓文化事业股份有限公司
_c2006
300 _bCD一个
490 _a世纪对话. 7
650 _a佛教说法
942 _cBK
_o225.4 SYFS v.2
999 _c55506
_d55496